[Event "Titled Tuesday intern op 19th Oct"]
[Site "Chess.com INT"]
[Date "2021.10.19"]
[Round "9"]
[White "King, Alexander B"]
[Black "Bach, Ngoc Thuy Duong"]
[Result "1/2-1/2"]
[WhiteElo "2283"]
[BlackElo "2198"]
[PlyCount "65"]
[EventDate "2021.10.19"]
[EventType "swiss (blitz)"]
[EventRounds "11"]
[EventCountry "USA"]
[SourceTitle "CBM 204 Extra"]
[Source "ChessBase"]
[SourceDate "2021.11.30"]
[SourceVersion "1"]
[SourceVersionDate "2021.11.30"]
[SourceQuality "1"]

1. d4 d5 2. c4 e6 3. Nc3 c6 4. Nf3 dxc4 5. a4 Bb4 6. e3 b5 7. Bd2 a5 8. axb5 Bxc3 9. Bxc3 cxb5 10. b3 Bb7 11. bxc4 b4 12. Bb2 Nf6 13. Bd3 Nbd7 14. Qc2 Qc7 15. c5 h6 16. 0-0 0-0 17. Rfc1 Bc6 18. Qd2 Rfb8 19. Ne5 Nxe5 20. dxe5 Nd7 21. f4 a4 22. Bd4 a3 23. Rcb1 b3 24. Qc3 Qb7 25. Bc4 Bxg2 26. Rxb3 Qf3 27. Rxb8+ Rxb8 28. Qxa3 Bh3 29. Qa2 Qg4+ 30. Kh1 Qf3+ 31. Kg1 Qg4+ 32. Kh1 Qf3+ 33. Kg1 1/2-1/2